<?xml version="1.0" encoding="UTF-8"?>
<record
    xmlns:xsi="http://www.w3.org/2001/XMLSchema-instance"
    xsi:schemaLocation="http://www.loc.gov/MARC21/slim http://www.loc.gov/standards/marcxml/schema/MARC21slim.xsd"
    xmlns="http://www.loc.gov/MARC21/slim">

  <leader>01655nam a22002297a 4500</leader>
  <controlfield tag="003">OSt</controlfield>
  <controlfield tag="005">20230714155735.0</controlfield>
  <controlfield tag="008">230714b           ||||| |||| 00| 0 spa d</controlfield>
  <datafield tag="020" ind1=" " ind2=" ">
    <subfield code="a">9788408078395</subfield>
  </datafield>
  <datafield tag="040" ind1=" " ind2=" ">
    <subfield code="c">CO-MqBPB</subfield>
  </datafield>
  <datafield tag="082" ind1=" " ind2=" ">
    <subfield code="a">AN</subfield>
    <subfield code="b">GALh</subfield>
  </datafield>
  <datafield tag="100" ind1=" " ind2=" ">
    <subfield code="a">Gale, Iain/</subfield>
    <subfield code="d">1959-</subfield>
  </datafield>
  <datafield tag="245" ind1=" " ind2=" ">
    <subfield code="a">Un hombre de honor / </subfield>
    <subfield code="c">Iain Gale: traducci&#xF3;n, Simon Saito Navarro.</subfield>
  </datafield>
  <datafield tag="260" ind1=" " ind2=" ">
    <subfield code="a">Espa&#xF1;a:</subfield>
    <subfield code="b">Planeta,</subfield>
    <subfield code="c">2008.</subfield>
  </datafield>
  <datafield tag="300" ind1=" " ind2=" ">
    <subfield code="a">315 p&#xE1;ginas:</subfield>
    <subfield code="b">Tapa Dura,</subfield>
    <subfield code="c">24 cm.</subfield>
  </datafield>
  <datafield tag="490" ind1=" " ind2=" ">
    <subfield code="a">1a. edici&#xF3;n.</subfield>
  </datafield>
  <datafield tag="500" ind1=" " ind2=" ">
    <subfield code="a">Alta Baviera, 1704. El victorioso ej&#xE9;rcito brit&#xE1;nico se mantiene en alerta, preparado para luchar por el honor y la gloria. El enemigo es el rey Luis XIV de Francia y sus ansias de poseer toda Europa. Entre ese orgulloso grupo de soldados se encuentra el teniente Jack Steel, un oficial admirado por sus hombres, la mejor infanter&#xED;a del ej&#xE9;rcito de la reina Ana. Elogiado por su coraje, fuerza y lealtad, el nombre de Steel llega a o&#xED;dos de su comandante en jefe, el duque de Marlborough. 
Con la misi&#xF3;n de recuperar una carta cuyo controvertido contenido podr&#xED;a destruir a Marlborough, Steel lidera a sus hombres en la batalla de Blenheim, en una lucha por el honor de otro hombre en la que se expone a su propia muerte y destrucci&#xF3;n. Pero el enemigo tambi&#xE9;n se encuentra entre sus propias filas, en la figura del melifluo comandante Jennings, que pretende destruir a Steel y todo lo que representa. 
Un hombre de honor es una novela hist&#xF3;rica de aventuras perfecta para todos los seguidores del fusilero Sharpe de Bernard Cornwell. </subfield>
  </datafield>
  <datafield tag="650" ind1=" " ind2=" ">
    <subfield code="a">Novela</subfield>
    <subfield code="x">Militar</subfield>
  </datafield>
  <datafield tag="650" ind1=" " ind2=" ">
    <subfield code="a">Novela</subfield>
    <subfield code="x">Historica</subfield>
  </datafield>
  <datafield tag="650" ind1=" " ind2=" ">
    <subfield code="a">Aventura</subfield>
  </datafield>
  <datafield tag="942" ind1=" " ind2=" ">
    <subfield code="2">ddc</subfield>
    <subfield code="c">BKLIT</subfield>
  </datafield>
  <datafield tag="999" ind1=" " ind2=" ">
    <subfield code="c">14933</subfield>
    <subfield code="d">14933</subfield>
  </datafield>
  <datafield tag="952" ind1=" " ind2=" ">
    <subfield code="0">0</subfield>
    <subfield code="1">0</subfield>
    <subfield code="2">ddc</subfield>
    <subfield code="4">0</subfield>
    <subfield code="7">0</subfield>
    <subfield code="8">LA</subfield>
    <subfield code="a">BPMOS</subfield>
    <subfield code="b">BPMOS</subfield>
    <subfield code="c">FIC</subfield>
    <subfield code="d">2023-07-14</subfield>
    <subfield code="e">Donaci&#xF3;n 2023</subfield>
    <subfield code="l">1</subfield>
    <subfield code="m">2</subfield>
    <subfield code="o">AN GALh</subfield>
    <subfield code="p">MOS503205</subfield>
    <subfield code="r">2024-08-21</subfield>
    <subfield code="s">2024-07-03</subfield>
    <subfield code="t">Ej. 1</subfield>
    <subfield code="w">2023-07-14</subfield>
    <subfield code="y">BKLIT</subfield>
    <subfield code="z">Quince d&#xED;as</subfield>
  </datafield>
</record>
